000 00851nam a22002297a 4500
001 49422
003 BD-RjUL
005 20211209054658.0
008 160820s1980 bg ||||| |||| 00| 0 ben d
020 _c: TK 39.00
035 _a(BD-RjUL)49541
040 _aBD-RjUL
_bben
_cBD-RjUL
041 _aben
082 _223
_a583
_bSAS 1980
100 _aশর্মা, দ্বিজেন
_9148357
245 1 0 _aসপুষ্পক উদ্ভিদের শ্রেণীবিন্যাসতত্ত্ব /
_cদ্বিজেন শর্মা
260 _aঢাকা :
_bবাংলা একাডেমী,
_c১৯৮০
300 _a৪৬২ পৃ. :
_bচিত্র ;
_c২১ সেমি.
650 _aসপুষ্পক উদ্ভিদ
_9148358
650 _aDicotyledons
_9148359
942 _2ddc
_cBK
999 _c49422
_d49422